书目信息 |
| 题名: |
坡度开槽同轴布喇格结构模拟研究
|
|
| 作者: | 丁学用 著 | |
| 分册: | ||
| 出版信息: | 长春 吉林大学出版社 2020.04 |
|
| 页数: | 116页 | |
| 开本: | 24cm | |
| 丛书名: | ||
| 单 册: | ||
| 中图分类: | O451 | |
| 科图分类: | ||
| 主题词: | 微波辐射--wei bo fu she--研究 | |
| 电子资源: | ||
| ISBN: | 978-7-5692-1048-4 | |
| 000 | 00796nam0 2200229 450 | |
| 001 | 0106081753 | |
| 005 | 20201106082043.0 | |
| 010 | @a978-7-5692-1048-4@dCNY35.00 | |
| 100 | @a20200509d2020 em y0chiy50 ea | |
| 101 | 0 | @achi |
| 102 | @aCN@b220000 | |
| 105 | @aa z 000yy | |
| 106 | @ar | |
| 200 | 1 | @a坡度开槽同轴布喇格结构模拟研究@Apo du kai cao tong zhou bu la ge jie gou mo ni yan jiu@f丁学用著 |
| 210 | @a长春@c吉林大学出版社@d2020.04 | |
| 215 | @a116页@c图@d24cm | |
| 330 | @a本书从理论分析和CST软件数值模拟仿真两个方面,对具有坡度的同轴布喇格结构进行了比较深入的研究,探索了改善同轴布喇格结构性能的新途径。 | |
| 606 | 0 | @a微波辐射@Awei bo fu she@x研究 |
| 690 | @aO451@v5 | |
| 701 | 0 | @a丁学用@Ading xue yong@4著 |
| 801 | 0 | @aCN@bBJSZM@c20201106 |
| 905 | @b1191048-51@dO451@e7@f4 | |
| 坡度开槽同轴布喇格结构模拟研究/丁学用著.-长春:吉林大学出版社,2020.04 |
| 116页:图;24cm |
| ISBN 978-7-5692-1048-4:CNY35.00 |
| 本书从理论分析和CST软件数值模拟仿真两个方面,对具有坡度的同轴布喇格结构进行了比较深入的研究,探索了改善同轴布喇格结构性能的新途径。 |
| ● |
| 相关链接 |
|
|
|
|
正题名:坡度开槽同轴布喇格结构模拟研究
索取号:O451/7
 
预约/预借
| 序号 | 登录号 | 条形码 | 馆藏地/架位号 | 状态 | 备注 |
| 1 | 1191048 | 211910486 | 第二样本阅览室/ [索取号:O451/7] | 在馆 | |
| 2 | 1191049 | 211910495 | 第三借阅区/ [索取号:O451/7] | 在馆 | |
| 3 | 1191050 | 211910501 | 第三借阅区/ [索取号:O451/7] | 在馆 | |
| 4 | 1191051 | 211910510 | 第三借阅区/ [索取号:O451/7] | 在馆 |